000 00498cam a2200205ua 4500
001 3403
005 20260515113655.0
008 111022n ii |||gr||||Z||||||asm
040 _cMAIN
082 _a891.4513
100 1 _aDevi, Maitreye,
245 1 1 _aNa Hanyate
_cby Maitreye Devi
250 _a2nd.
260 _aKolkata:
_bBhawani Publishing concern,986.
300 _a303p:
_c23cm.
653 _aAssamese novel
653 _aNa Hanyate
700 _aSen, Manu,
_eTranslated.
942 _cBK
999 _c3245
_d3245